Movies Quiz

Random Movies or Actress Quiz

Alejandro Gonzalez Inarritu Casts Quiz Stats

Quiz not verified by Sporcle

Challenge
Share
Tweet
Embed
Score 0/38 Timer 05:00
0 Plays Today
Film Actor/Actress % Correct
Birdman (2014)Michael Keaton
97.7%
The Revenant (2015)Leonardo DiCaprio
96.6%
The Revenant (2015)Tom Hardy
96.6%
Birdman (2014)Emma Stone
94.3%
Babel (2006)Brad Pitt
88.5%
Birdman (2014)Edward Norton
87.4%
Babel (2006)Cate Blanchett
81.6%
Biutiful (2010)Javier Bardem
81.6%
21 Grams (2003)Naomi Watts
74.7%
Birdman (2014)Naomi Watts
74.7%
21 Grams (2003)Sean Penn
73.6%
21 Grams (2003)Benicio Del Toro
70.1%
The Revenant (2015)Domhnall Gleeson
63.2%
Birdman (2014)Zach Galifianakis
51.7%
Amores Perros (2000)Gael Garcia Bernal
49.4%
Babel (2006)Gael Garcia Bernal
49.4%
The Revenant (2015)Will Poulter
44.8%
Birdman (2014)Amy Ryan
39.1%
Babel (2006)Rinko Kikuchi
33.3%
Film Actor/Actress % Correct
Babel (2006)Elle Fanning
25.3%
Babel (2006)Adriana Barraza
25.3%
Babel (2006)Michael Pena
16.1%
21 Grams (2003)Melissa Leo
11.5%
The Revenant (2015)Forrest Goodluck
11.5%
The Revenant (2015)Paul Anderson
11.5%
The Revenant (2015)Lukas Haas
11.5%
Babel (2006)Clifton Collins, Jr.
9.2%
21 Grams (2003)Danny Huston
8%
21 Grams (2003)Charlotte Gainsbourg
6.9%
21 Grams (2003)Eddie Marsan
5.7%
21 Grams (2003)Lew Temple
4.6%
Babel (2006)Koji Yakusho
4.6%
Amores Perros (2000)Emilio Echevarria
3.4%
21 Grams (2003)Clea DuVall
3.4%
21 Grams (2003)Paul Calderon
3.4%
21 Grams (2003)Denis O'Hare
3.4%
Babel (2006)Emilio Echevarria
3.4%
Babel (2006)R.D. Call
3.4%

You're not logged in!

Compare scores with friends on all Sporcle quizzes.
Sign Up with Email
OR
Log In

You Might Also Like...

Show Comments

Extras

Top Quizzes Today


Score Distribution

Your Account Isn't Verified!

In order to create a playlist on Sporcle, you need to verify the email address you used during registration. Go to your Sporcle Settings to finish the process.

Report this User

Report this user for behavior that violates our Community Guidelines.

Details: